[Event "Titled Tuesday intern op 23rd May Early"]
[Site "Chess.com INT"]
[Date "2023.05.23"]
[Round "10"]
[White "Fantinel, Thibault"]
[Black "Kraiouchkine, Nikita"]
[Result "1-0"]
[WhiteElo "2423"]
[BlackElo "2218"]
[PlyCount "47"]
[EventDate "2023.05.23"]
[EventType "swiss (blitz)"]
[EventRounds "11"]
[EventCountry "USA"]
[SourceTitle "CBM 214 Extra"]
[Source "ChessBase"]
[SourceDate "2023.07.31"]
[SourceVersion "1"]
[SourceVersionDate "2023.07.31"]
[SourceQuality "1"]

1. c4 b6 2. Nc3 e6 3. e4 Bb7 4. Nge2 d5 5. cxd5 exd5 6. exd5 Nf6 7. Nf4 Bd6 8. Bb5+ Nbd7 9. d4 Qe7+ 10. Be2 g5 11. Nd3 Nxd5 12. Nxd5 Bxd5 13. 0-0 0-0-0 14. Bf3 Nf6 15. Bxg5 Rhg8 16. Bxf6 Qxf6 17. Bxd5 Bxh2+ 18. Kxh2 Rxd5 19. Ne5 Qh4+ 20. Kg1 Rxd4 21. Qf3 Re4 22. Rae1 Rxg2+ 23. Kxg2 Qg5+ 24. Qg3 1-0

[Event "Catalunya-chT Gp2"]
[Site "Barcelona"]
[Date "2023.02.25"]
[Round "6.1"]
[White "Fantinel, Thibault"]
[Black "Movsziszian, Karen"]
[Result "1-0"]
[WhiteElo "2396"]
[BlackElo "2488"]
[PlyCount "59"]
[EventDate "2023.01.21"]
[EventType "team-tourn"]
[EventRounds "7"]
[EventCountry "ESP"]
[SourceTitle "CBM 213 Extra"]
[Source "ChessBase"]
[SourceDate "2023.05.31"]
[SourceVersion "1"]
[SourceVersionDate "2023.05.31"]
[SourceQuality "1"]
[WhiteTeam "Platja D'Aro"]
[BlackTeam "Sant Andreu"]
[WhiteTeamCountry "ESP"]
[BlackTeamCountry "ESP"]

1. e4 g6 2. d4 Bg7 3. Nf3 d6 4. Be2 Nf6 5. Nc3 0-0 6. 0-0 Bg4 7. Be3 Nc6 8. d5 Bxf3 9. Bxf3 Ne5 10. Be2 c6 11. f4 Ned7 12. dxc6 bxc6 13. Kh1 Qc7 14. Qd2 a5 15. a4 Rab8 16. b3 Rb4 17. Bf3 Rc8 18. Rad1 c5 19. g4 c4 20. Nb5 Qb7 21. e5 Ne4 22. exd6 e6 23. Qg2 cxb3 24. cxb3 f5 25. Rc1 Rd8 26. gxf5 exf5 27. Bd2 Rxb3 28. Bxa5 Re8 29. Qa2 Qd5 30. Nc7 1-0

[Event "Platja d'Aro"]
[Site "Platja d'Aro"]
[Date "2022.12.29"]
[Round "7"]
[White "Valle Maytin, Luis Enrique"]
[Black "Fantinel, Thibault"]
[Result "0-1"]
[WhiteElo "2268"]
[BlackElo "2395"]
[PlyCount "118"]
[EventDate "2022.12.26"]
[EventType "tourn"]
[EventRounds "9"]
[EventCountry "ESP"]
[EventCategory "2"]
[SourceTitle "CBM 211 Extra"]
[Source "ChessBase"]
[SourceDate "2023.01.31"]
[SourceVersion "1"]
[SourceVersionDate "2023.01.31"]
[SourceQuality "1"]

1. d4 Nf6 2. Nf3 g6 3. e3 Bg7 4. Be2 0-0 5. 0-0 d5 6. b4 a5 7. b5 c5 8. bxc6 Nxc6 9. Nbd2 Bf5 10. Ba3 Rb8 11. Rb1 Qc7 12. Nh4 Bd7 13. c4 Rfc8 14. Qb3 Be6 15. Rfc1 Qd8 16. c5 g5 17. Nhf3 g4 18. Nh4 Bh6 19. Qc2 Bg5 20. Nf5 h5 21. h4 gxh3 22. f4 Ne4 23. Nxe4 Bxf5 24. Nf6+ Bxf6 25. Qxf5 h4 26. gxh3 e6 27. Qh5 Kf8 28. Qh7 Ke7 29. Kf2 Qg8 30. Qxg8 Rxg8 31. Rg1 Rxg1 32. Kxg1 Kd7 33. Bh5 Rg8+ 34. Kf2 Nd8 35. Bxf7 Rg3 36. f5 exf5 37. Bxd5 Bxd4 38. Bf3 Be5 39. Rd1+ Kc7 40. Rd5 Nc6 41. Bg2 Rg7 42. Bc1 Nb4 43. Rd2 Bc3 44. Rd6 Nxa2 45. Ba3 Nb4 46. Bxb4 Bxb4 47. Rb6 Rxg2+ 48. Kxg2 Bxc5 49. Rb5 b6 50. Kf3 a4 51. Rb2 Kc6 52. e4 a3 53. Rc2 fxe4+ 54. Kxe4 Kb5 55. Kd3 Kb4 56. Rc4+ Kb3 57. Re4 a2 58. Re1 Bb4 59. Ra1 Kb2 0-1